000 00520cam a2200205ua 4500
020 _c4.50
041 _amal
_h
082 _a581
_bART/HA
100 _aGalston, Arthur W .
245 _aHaritha sasyathinte jeevitham /
_cArthur W Galston.
_hTextual Documents
260 _aThiruvananthapuram :
_bState Instititute of Languages ,
_c1972.
300 _a ; .
365 _a4.50
504 _a
942 _cBK
999 _c6178
_d6178